00479 a2200145 4500010001400000020002200014035001300036037001500049082001300064100001900077245010100096260004200197270006900239300002500308 aENG-86761 c40.00a8123410824 aEN-70294 bDBAD / PUB14a342.5403 aGupta, Bhupesh1 aRename Madras state as Tamil Nadu :cby Bhupesh Guptabthe constitution (Amendment) Bill, 1961 / aChennaibNew Century Book Housec2006 a41 B, SIDCO Industrial Estate, Ambattur,bChennaie600 098cT.N. aii, 152pc22cm (pbk)